00271nam a2200121Ia 45000030006000000080041000060400015000471000018000622450031000802600009001115460012001200050017001320STCL150530s9999 xx 000 0 und d aSTCLcSTCL aMuford,E.; Ed aSociology in hospital care c1967 aEnglish20220125165731.0